Classificação Científica, Taxonomia - Statistics

Estatísticas Gerais
  • Esse quiz foi jogado 81 vezes
  • A pontuação média é 7 de 8
Estatísticas das Respostas
Exemplo classificacao % Correto
Animalia Reino
95%
H. sapiens Espécie
94%
Chordata Phylum, Divisao
94%
Homininae Familia
92%
Homo Genéro
90%
Mammalia Classe
87%
Primatas Ordem
82%
Eukaryota Dominio, Super-reino
45%
Nenhum quiz correspondente encontrado
Distribuição das Pontuações
Porcentagem de Pessoas com Cada Pontuação
Percentil de Números Respondidos
Sua Pontuação Histórica
Você não jogou esse quiz